Sports Quiz

Random Sports or MLB Quiz

MLB Combined No-Hitters Quiz Stats

 Plays Quiz Updated Apr 1, 2020

Support Sporcle.
Go Orange.
Score 0/47 Timer 05:00
0 Plays Today
% Correct
Babe Ruth
65.2%
Cole Hamels
53.9%
Roy Oswalt
50.1%
Kevin Millwood
45.8%
Jonathan Papelbon
34.5%
Vida Blue
31.8%
Taylor Cole
30.7%
Billy Wagner
30.5%
Brad Lidge
30.3%
Aaron Sanchez
29.8%
Rollie Fingers
28.6%
Felix Peña
28%
Brandon League
25.4%
Mike Witt
20.9%
Octavio Dotel
20%
Mark Langston
19.6%
Will Harris
17.9%
Walker Buehler
17.9%
Kent Mercker
17.5%
Ken Giles
16.9%
Ernie Shore
15.7%
Tom Wilhelmsen
15.6%
Alejandro Peña
14.7%
Mark Wohlers
13.6%
% Correct
Joe Biagini
12.9%
Gregg Olson
12.7%
Chris Devenski
12.3%
Stu Miller
11.7%
Blue Moon Odom
11.4%
Jake Diekman
11.3%
Mike Flanagan
11.1%
Yimi Garcia
10.5%
Charlie Furbush
10.1%
Glenn Abbott
9.8%
Francisco Córdova
9.5%
Ricardo Rincón
9.2%
Stephen Pryor
7.6%
Steve Barber
7.5%
Kirk Saarloos
6.9%
Bob Milacki
6.4%
Paul Lindblad
6.3%
Lucas Luetge
6.3%
Pete Munro
6.1%
Mark Williamson
6.1%
Francisco Barrios
5.2%
Adam Liberatore
4.2%
Tony Cingrani
3.2%

You're not logged in!

Compare scores with friends on all Sporcle quizzes.
OR
Log In
Forgot?

From the Vault

Multiples of 6 Blitz

by Mattyo7

If you're good at math this quiz will be like talking a walk through the multiplication table.
Remove Ads.
Support Sporcle.
Get the best of Sporcle when you Go Orange. This ad-free experience offers more features, more stats, and more fun while also helping to support Sporcle. Thank you for becoming a member.

Show Comments

Extras

Top Quizzes Today


Score Distribution

Your Account Isn't Verified!

In order to create a playlist on Sporcle, you need to verify the email address you used during registration. Go to your Sporcle Settings to finish the process.

Report this User

Report this user for behavior that violates our Community Guidelines.

Details: